000 00856nam a2200265 i 4500
001 15287
003 ES-MaACL
005 20250804085011.0
007 t|
008 000211s1999 sp ||||0| spa j
020 _a84-8109-226-6 Galaxia Gutenberg
040 _aM-BN
_bspa
_cM-BN
080 _a172
100 1 _aCortina Orts, Adela.
_940948
245 1 4 _aLos ciudadanos como protagonistas /
_cAdela Cortina ; prólogo de Eduardo Punset.
250 _a1ª ed.
260 _aBarcelona :
_bGalaxia Gutenberg :
_bCírculo de Lectores,
_c[1999]
300 _a126 p. ;
_c22 cm.
490 1 _aDesafíos de nuestro tiempo
650 7 _aÉtica social
_2embne
_912593
700 1 _aPunset, Eduardo,
_d1936-2019
_9241271
830 0 _aDesafíos de nuestro tiempo
_9179769
852 _aES-MaACL
_jL-22656
_bR.127842
999 _c15287
_d15287